000 01330nam a22003977a 4500
001 0007792
003 KOHA_MİRAKIL
005 20260207001611.0
007 ta
008 091005b1999 tu |||gro|||#1|||0|tur |
020 _a9758027646
_c0,01
040 _aTR-BiSEU
_btur
_cTR-BiSEU
_erda
041 0 _atur
044 _ctu
050 _aHD49
_b.K75 1999
111 2 _aKriz içinde kriz yönetimi paneli (16 Aralık 1998 : İstanbul)
_919346
245 1 _aKriz içinde kriz yönetimi paneli, 16 aralık 1998.
264 1 _aİstanbul :
_bİstanbul Menkul Kıymetler Borsası
_c1999
300 _a102 sayfa
336 _ametin
_btxt
_2rdacontent
337 _aaracısız
_bn
_2rdamedia
338 _acilt
_bnc
_2rdacarrier
490 1 _aİstanbul Menkul Kıymetler Borsası Konferans ve Panel Serisi ;
_v2.
650 0 _aCrisis management.
_99488
650 0 _aEconomic fluctuations.
_96158
650 0 _aIndustrial management.
_94786
650 0 _aStrategic planning.
_94835
650 0 _aDepressions.
_914103
650 0 _aBusiness cycles.
_96157
650 0 _aInternational finance.
_95141
650 0 _aMonetary policy.
_98149
650 0 _aTurkey--Economic conditions.
_98442
830 1 _aİstanbul Menkul Kıymetler Borsası Konferans ve Panel Serisi ;
_v2.
_919347
907 _aPanel/Oturum
942 _2lcc
_cBK
999 _c7769
_d7769